Monthly Bulletin (Record no. 6161)

MARC details
000 -LEADER
fixed length control field 00452nam a22001937i 4500
001 - CONTROL NUMBER
control field 6634
003 - CONTROL NUMBER IDENTIFIER
control field OSt
005 - DATE AND TIME OF LATEST TRANSACTION
control field 20170126082358.0
007 - PHYSICAL DESCRIPTION FIXED FIELD--GENERAL INFORMATION
fixed length control field tu
008 - FIXED-LENGTH DATA ELEMENTS--GENERAL INFORMATION
fixed length control field 161220s xxu||||| |||| 00| 0 d
022 ## - INTERNATIONAL STANDARD SERIAL NUMBER
International Standard Serial Number 1318-0770
024 7# - OTHER STANDARD IDENTIFIER
Standard number or code 6634
Source of number or code RID
024 7# - OTHER STANDARD IDENTIFIER
Standard number or code 6634
Source of number or code RSN (alt)
040 ## - CATALOGING SOURCE
Transcribing agency OSt
110 2# - MAIN ENTRY--CORPORATE NAME
Corporate name or jurisdiction name as entry element Banka Slovenije (Bank of Slovenia)
245 00 - TITLE STATEMENT
Title Monthly Bulletin
260 ## - PUBLICATION, DISTRIBUTION, ETC.
Place of publication, distribution, etc. Ljubljana :
Name of publisher, distributor, etc. Geodetski institut Slovenije.
866 #0 - TEXTUAL HOLDINGS--BASIC BIBLIOGRAPHIC UNIT
-- 1998 - 2011/1
942 ## - ADDED ENTRY ELEMENTS (KOHA)
Koha item type Statistics
Holdings
Withdrawn status Lost status Damaged status Not for loan Home library Current library Shelving location Date acquired Serial Enumeration / chronology Inventory number Total Checkouts Barcode Date last seen Price effective from Koha item type
        WIIW WIIW Library 09/07/2004 1998 ff. 6634   10002154 01/26/2017 01/26/2017 Statistics
The Vienna Instiute for International Economic Studies (wiiw)